[Event "GER-ch U18 sf Berlin Online"]
[Site "Playchess.com INT"]
[Date "2020.05.01"]
[Round "3"]
[White "Helgadottir, Idunn"]
[Black "Barg, Simon"]
[Result "1-0"]
[WhiteElo "1620"]
[BlackElo "1620"]
[PlyCount "33"]
[EventDate "2020.05.01"]
[EventType "swiss (blitz)"]
[EventRounds "13"]
[EventCountry "GER"]
[SourceTitle "CBM 195 Extra"]
[Source "ChessBase"]
[SourceDate "2020.05.31"]
[SourceVersion "1"]
[SourceVersionDate "2020.05.31"]
[SourceQuality "1"]

1. d4 d5 2. Bf4 Nc6 3. Nf3 Nf6 4. e3 Bf5 5. c4 dxc4 6. Bxc4 Nb4 7. Na3 Nc2+ 8. Nxc2 Bxc2 9. Qxc2 e6 10. 0-0 Bb4 11. a3 Bd6 12. Bxd6 cxd6 13. Bb5+ Nd7 14. Bxd7+ Qxd7 15. Rfe1 0-0 16. Ng5 Qb5 17. Qxh7# 1-0